Normal view
MARC view
Entry Geographic Name
001 - CONTROL NUMBER
- control field: 20397
003 - CONTROL NUMBER IDENTIFIER
- control field: ARRUPE
005 - DATE AND TIME OF LATEST TRANSACTION
- control field: 20151020155022.0
008 - FIXED-LENGTH DATA ELEMENTS
- fixed length control field: 151020|| aca||aabn | a|a d
040 ## - CATALOGING SOURCE
- Original cataloging agency: ARRUPE
- Transcribing agency: ARRUPE
151 ## - HEADING--GEOGRAPHIC NAME
- Geographic name: Bloomsbury (London, England)
- General subdivision: Intellectual life
- Chronological subdivision: 20th century.
670 ## - SOURCE DATA FOUND
- Source citation: Work cat.: (ARRUPE)0: Edel, Leon, 1907-1997. 20395, Bloomsbury , 1981